000 00657cam a22001934a 4500
005 20250605164346.0
008 250528s ||||||||||||||||||||||||d
035 _a23897
040 _aGR-AtMCL
_bgre
_dGR-AtMCL
_eAACR2
245 1 _aReplication - Psychology's House of Cards? / An Opinion Special on a Cornerstone of Science
260 _c2012
300 _a67
520 _aInterview with Trevor Robbins, Origins of the Human Cultural Mind, Analytical Decision Making, One on One with Richard Freeman.
700 1 _aSutton Jon
_99351
942 _cCR
710 2 _aThe British Psychological Society
_99823
999 _c8815
_d8815